000 00346nam a22000977a 4500
100 _aयादव,राकेश
_979923
245 _aSSC Mathematics 1999-2020 9700+ हिन्‍दी एवं अंग्रेजी माध्‍यम
260 _aDelhi
_bRakesh yadav Publication
_c2020
650 _aगणित
_979924
942 _cHIN
999 _c63463
_d63463